| 000 | 00737cam a2200241 4500 | ||
|---|---|---|---|
| 999 |
_c15626 _d15626 |
||
| 001 | 2211451 | ||
| 003 | ARRUPE | ||
| 005 | 20170605092658.0 | ||
| 008 | 741024s1974 ke b 001 0 eng | ||
| 010 | _a 74186971 | ||
| 020 | _a0195723147 | ||
| 040 |
_aDLC _cDLC _dDLC |
||
| 043 | _af-ke--- | ||
| 050 | 0 | 0 |
_aDT433.542 _b.M85 |
| 082 | 0 | 0 | _a916.76/2/06963 |
| 100 | 1 |
_aMuriuki, Godfrey. _930736 |
|
| 245 | 1 | 2 | _aA history of the Kikuyu, 1500-1900. |
| 260 |
_aNairobi, _bOxford University Press, _c1974. |
||
| 300 |
_aviii, 190 p. _c22 cm. |
||
| 504 | _aBibliography: p. [180]-185. | ||
| 650 | 0 |
_aKikuyu (African people) _xHistory. _923033 |
|
| 906 |
_a7 _bcbc _corignew _d2 _encip _f19 _gy-gencatlg |
||
| 942 |
_2lcc _cMONOGRAPH |
||